000 00568nam a2200229Ia 4500
003 OSt
005 20221005114149.0
006 a|||||r|||| 00| 0
007 ta
008 221004b |||||||| |||| 00| 0 tam d
024 _a47650
037 _cTextual
040 _aCRL
_cCRL
_btam
041 _2tam
_atam
082 _aO31x.N75, L6
100 _aBhan Neelapadmana Au.
_9625562
245 0 _aAnnam
260 _c1976
650 _aTAMIL LITERATURE
942 _hO31x.N75, L6
_cTEXL
_2cc
999 _c1030449
_d1030449